000 00636nam a2200205 i 4500
001 23926
003 ES-MaACL
005 20240505063018.0
007 t|
008 021213s1971 sp ||||1| spa d
100 0 _aAnsón, Luis María,
_d1935-
_921849
245 1 3 _aLa negritud /
_cLuis María Ansón.
260 _aMadrid :
_bRevista de Occidente,
_c[1971]
300 _a295 p., [16] p. de lám. :
_bil., map. ;
_c18 cm.
504 _aBibliografía: p. 239-281.
650 4 _aRaza negra.
_9149165
651 4 _aÁfrica subsahariana-
_xCivilización.
_9165326
852 _aES-MaACL
_jC-40300
999 _c23926
_d23926